000 00658nam a2200193Ia 4500
003 GCL
008 140319s9999 xx 000 0 ara d
040 _aGCL /
_cGCL
082 0 4 _aد
_b050
_bد هـ
245 1 0 _aالهلال فبراير 2004 : القوالب المفرغة
260 _aالقاهرة :
_bدار الهلال للطباعة والنشر ،
_c2004
650 0 4 _aالمقالات العربية
650 0 4 _aالديمقراطية
650 0 4 _aالاحزاب السياسية
650 0 4 _aالصهيونية
650 0 4 _aبروتوكولات حكماء صهيون
650 0 4 _aالجامعات المفتوحة
942 _2ddc
_cCR
999 _c6682
_d6682